Noms de Pokémon divisés en tuile #01 - Statistiques

Statistiques générales
  • Ce quiz a été pris 22 fois
  • Le résultat moyen est 34 sur 90
Statistiques - réponses
Question Tuile Select % Correct
Clique sur les 3 cases formant le nom d'un Pokémon ALI Oui
63%
Clique sur les 3 cases formant le nom d'un Pokémon EUR Oui
63%
Clique sur les 3 cases formant le nom d'un Pokémon FOU Non
63%
Clique sur les 3 cases formant le nom d'un Pokémon GATU Oui
63%
Clique sur les 3 cases formant le nom d'un Pokémon MI Non
63%
Clique sur les 3 cases formant le nom d'un Pokémon MOU Non
63%
Clique sur les 3 cases formant le nom d'un Pokémon PI Non
63%
Clique sur les 3 cases formant le nom d'un Pokémon RA Non
63%
Clique sur les 3 cases formant le nom d'un Pokémon TO Non
63%
Clique sur les 3 cases formant le nom d'un Pokémon BLE Non
50%
Clique sur les 3 cases formant le nom d'un Pokémon CHU Non
50%
Clique sur les 3 cases formant le nom d'un Pokémon EUR Non
50%
Clique sur les 3 cases formant le nom d'un Pokémon FUL Oui
50%
Clique sur les 3 cases formant le nom d'un Pokémon GO Non
50%
Clique sur les 3 cases formant le nom d'un Pokémon GU Oui
50%
Clique sur les 3 cases formant le nom d'un Pokémon ING Non
50%
Clique sur les 3 cases formant le nom d'un Pokémon LIE Oui
50%
Clique sur les 3 cases formant le nom d'un Pokémon MIN Non
50%
Clique sur les 3 cases formant le nom d'un Pokémon MIN Non
50%
Clique sur les 3 cases formant le nom d'un Pokémon OR Non
50%
Clique sur les 3 cases formant le nom d'un Pokémon OTO Non
50%
Clique sur les 3 cases formant le nom d'un Pokémon RIS Oui
50%
Clique sur les 3 cases formant le nom d'un Pokémon ROT Non
50%
Clique sur les 3 cases formant le nom d'un Pokémon SIL Oui
50%
Clique sur les 3 cases formant le nom d'un Pokémon TOU Non
50%
Clique sur les 3 cases formant le nom d'un Pokémon VAL Non
50%
Clique sur les 3 cases formant le nom d'un Pokémon VAL Oui
50%
Clique sur les 3 cases formant le nom d'un Pokémon CHU Non
44%
Clique sur les 3 cases formant le nom d'un Pokémon DE Non
44%
Clique sur les 3 cases formant le nom d'un Pokémon DE Oui
44%
Clique sur les 3 cases formant le nom d'un Pokémon EUR Non
44%
Clique sur les 3 cases formant le nom d'un Pokémon GRA Non
44%
Clique sur les 3 cases formant le nom d'un Pokémon ING Non
44%
Clique sur les 3 cases formant le nom d'un Pokémon ME Non
44%
Clique sur les 3 cases formant le nom d'un Pokémon NGE Oui
44%
Clique sur les 3 cases formant le nom d'un Pokémon RO Non
44%
Clique sur les 3 cases formant le nom d'un Pokémon SE Non
44%
Clique sur les 3 cases formant le nom d'un Pokémon YA Non
44%
Clique sur les 3 cases formant le nom d'un Pokémon AR Non
38%
Clique sur les 3 cases formant le nom d'un Pokémon CAR Non
38%
Clique sur les 3 cases formant le nom d'un Pokémon GRO Non
38%
Clique sur les 3 cases formant le nom d'un Pokémon ISA Oui
38%
Clique sur les 3 cases formant le nom d'un Pokémon LOU Non
38%
Clique sur les 3 cases formant le nom d'un Pokémon MIN Oui
38%
Clique sur les 3 cases formant le nom d'un Pokémon OL Non
38%
Clique sur les 3 cases formant le nom d'un Pokémon ON Non
38%
Clique sur les 3 cases formant le nom d'un Pokémon OTO Oui
38%
Clique sur les 3 cases formant le nom d'un Pokémon PO Non
38%
Clique sur les 3 cases formant le nom d'un Pokémon POR Non
38%
Clique sur les 3 cases formant le nom d'un Pokémon RO Oui
38%
Clique sur les 3 cases formant le nom d'un Pokémon RY Non
38%
Clique sur les 3 cases formant le nom d'un Pokémon SIL Non
38%
Clique sur les 3 cases formant le nom d'un Pokémon TA Non
38%
Clique sur les 3 cases formant le nom d'un Pokémon TOK Oui
38%
Clique sur les 3 cases formant le nom d'un Pokémon VA Oui
38%
Clique sur les 3 cases formant le nom d'un Pokémon CIL Oui
31%
Clique sur les 3 cases formant le nom d'un Pokémon GA Non
31%
Clique sur les 3 cases formant le nom d'un Pokémon GU Non
31%
Clique sur les 3 cases formant le nom d'un Pokémon KA Non
31%
Clique sur les 3 cases formant le nom d'un Pokémon LIE Non
31%
Clique sur les 3 cases formant le nom d'un Pokémon RU Oui
31%
Clique sur les 3 cases formant le nom d'un Pokémon SIL Non
31%
Clique sur les 3 cases formant le nom d'un Pokémon TI Non
31%
Clique sur les 3 cases formant le nom d'un Pokémon YS Oui
31%
Clique sur les 3 cases formant le nom d'un Pokémon ZA Oui
31%
Clique sur les 3 cases formant le nom d'un Pokémon ZY Non
31%
Clique sur les 3 cases formant le nom d'un Pokémon FUL Non
25%
Clique sur les 3 cases formant le nom d'un Pokémon OM Non
25%
Clique sur les 3 cases formant le nom d'un Pokémon ON Oui
25%
Clique sur les 3 cases formant le nom d'un Pokémon RO Non
25%
Clique sur les 3 cases formant le nom d'un Pokémon TO Non
25%
Clique sur les 3 cases formant le nom d'un Pokémon TOU Non
25%
Clique sur les 3 cases formant le nom d'un Pokémon ZE Non
25%
Clique sur les 3 cases formant le nom d'un Pokémon BLE Oui
19%
Clique sur les 3 cases formant le nom d'un Pokémon DOU Non
19%
Clique sur les 3 cases formant le nom d'un Pokémon ILLE Oui
19%
Clique sur les 3 cases formant le nom d'un Pokémon ON Non
19%
Clique sur les 3 cases formant le nom d'un Pokémon PI Oui
19%
Clique sur les 3 cases formant le nom d'un Pokémon RA Oui
19%
Clique sur les 3 cases formant le nom d'un Pokémon RO Non
19%
Clique sur les 3 cases formant le nom d'un Pokémon USE Oui
19%
Clique sur les 3 cases formant le nom d'un Pokémon DE Oui
13%
Clique sur les 3 cases formant le nom d'un Pokémon OR Oui
13%
Clique sur les 3 cases formant le nom d'un Pokémon OT Non
13%
Clique sur les 3 cases formant le nom d'un Pokémon PI Non
13%
Clique sur les 3 cases formant le nom d'un Pokémon RO Non
13%
Clique sur les 3 cases formant le nom d'un Pokémon RU Non
13%
Clique sur les 3 cases formant le nom d'un Pokémon TI Oui
13%
Clique sur les 3 cases formant le nom d'un Pokémon TO Non
13%
Clique sur les 3 cases formant le nom d'un Pokémon ZE Non
13%
Aucun quiz correspondant
Distribution des résultats
% des personnes avec chaque résultat
Percentile par nombre de réponses
Votre historique - résultats
Vous n’avez pas pris ce quiz